Historia del traje en imágenes (Record no. 37068)

MARC details
000 -LEADER
campo de control de longitud fija 00930nam a2200217 i 4500
001 - NÚMERO DE CONTROL
campo de control 37068
003 - IDENTIFICADOR DE NÚMERO DE CONTROL
campo de control ES-MaACL
005 - FECHA Y HORA DE LA ÚLTIMA TRANSACCIÓN
campo de control 20231227175039.0
007 - CAMPO FIJO DE DESCRIPCIÓN FÍSICA--INFORMACIÓN GENERAL
campo de control de longitud fija t|
008 - DATOS DE LONGITUD FIJA--INFORMACIÓN GENERAL
campo de control de longitud fija 030220s1957 sp f |||| | spa d
100 1# - ENTRADA PRINCIPAL--NOMBRE DE PERSONA
Nombre de persona Bruhn, Wolfgang.
9 (RLIN) 32114
245 10 - MENCIÓN DEL TÍTULO
Título Historia del traje en imágenes
Resto del título : enciclopedia del vestido de todos los tiempos y pueblos... /
Mención de responsabilidad, etc. con un prólogo del Marqués de Lozoya ; [documentos reunidos y dibujados por Max Tilke ; textos explicativos de Wolfgang Bruhn ; traducción de Juan Subías Gualter].
260 ## - PUBLICACIÓN, DISTRIBUCIÓN, ETC.
Lugar de publicación, distribución, etc. Barcelona :
Nombre del editor, distribuidor, etc. Gustavo Gili,
Fecha de publicación, distribución, etc. 1957 (
Fabricante S.A.D.A.G.)
300 ## - DESCRIPCIÓN FÍSICA
Extensión 94 p., 104 lám. ;
Dimensiones 34 cm.
650 #4 - PUNTO DE ACCESO ADICIONAL DE MATERIA--TÉRMINO DE MATERIA
Término de materia o nombre geográfico como elemento de entrada Traje-
Subdivisión general Historia.
9 (RLIN) 136943
700 1# - ENTRADA AGREGADA--NOMBRE PERSONAL
Nombre de persona Lozoya, Juan de Contreras y López de Ayala,
Títulos y otros términos asociados al nombre Marqués de,
Fechas asociadas al nombre 1893-1978
9 (RLIN) 129112
700 1# - ENTRADA AGREGADA--NOMBRE PERSONAL
Nombre de persona Tilke, Max.
9 (RLIN) 110258
700 1# - ENTRADA AGREGADA--NOMBRE PERSONAL
Nombre de persona Subías Galter, Juan (
Fechas asociadas al nombre 1897-1984)
9 (RLIN) 108683
852 ## - LOCALIZACIÓN
Ubicación ES-MaACL
Número de control de estantería C-12838
Holdings
Estatus retirado Estado de pérdida Estado de daño No para préstamo Colección Biblioteca de origen Biblioteca actual Ubicación en estantería Fecha de adquisición Fuente de adquisición Total de préstamos Signatura topográfica completa Código de barras Visto por última vez Precio de reemplazo Tipo de ítem Koha
        Colección de referencia Biblioteca del Ateneo de Madrid Biblioteca del Ateneo de Madrid Sala Palomar 17/01/2008     C-12838 1038998 23/02/2023 23/02/2023 Libro impreso